Štúrove ceny bez ceny

Bibliographic Details
Main Author: (aš) (Author)
Format: Article
Language:Slovak
Subjects:

MARC

LEADER 00000nab a2200000 a 4500
001 vtls000593116
003 SK-MaSNL
005 20260303015920.0
008 160203c1996 xo 0 slo
015 |a SNBRB19rr/mm-uuuuu 
035 |a CL0593255 
040 |a SNKBUCL  |b slo  |c SNKBUCL  |e AACR2 
041 0 |a slo 
044 |a xo  |c SK 
080 |a 82:929:885.4  |2 1981 
080 |a 885.4  |2 1981 
080 |a 07:06.068(437.6)  |2 1981 
080 |a 06.068:07(437.6)  |2 1981 
080 |a 929 Štrelinger, Peter  |2 1981 
100 1 |a (aš)  |4 aut  |9 840263 
245 1 0 |a Štúrove ceny bez ceny  |c (aš) 
600 1 7 |a Štrelinger, Peter,  |d 1946-  |2 snkbucl  |9 90824 
648 7 |a za rok 1996  |2 SNKPH  |9 999227 
650 0 7 |a Cena Ľudovíta Štúra  |2 snkbucl  |9 996998 
655 7 |a články z novín a časopisov  |2 snkbucl  |9 267496 
655 7 |a články z odboru literárna veda a krásna literatúra  |2 snkbucl  |9 770045 
773 0 |t Smena na nedeľu  |g Roč. 30, č. 30 (22. 8. 1996), s. 6 
850 |a Slovenská národná knižnica v Martine  |a MTA001 
852 |a SNK  |b KIS3GCP 
958 |a RK 
958 |a LX 
958 |a SK 
992 |a RBX 
999 |c 1615519  |d 1617449